000 00314nam a2200109Ia 4500
008 171211s9999 xx 000 0 und d
245 _aNuke 101: Professional Compositing and Visual Effects
245 _cRon Ganbar
260 _c2011
650 _xDesign
856 _uhttp://down.ebook777.com/062/9783631660928.pdf
999 _c347889
_d347889